Quizzes
Events
Quiz Creation
Community
Videos
Private Events
Remove Ads
Sign In
Join for FREE
Feedback
Dark Mode
Quiz Categories
Sports
Geography
Music
Movies
Television
Just For Fun
Miscellaneous
History
Literature
Language
Science
Gaming
Entertainment
Religion
Holiday
For Kids
Quiz Lab
Recent
Popular Today
Quiz Kudos Today
Editor Picks
Curator Picks
Quizzes by...
Day
Popularity
Type
Ratings
Length
Year
Community
Subscriptions
Recent Discussions
Orange Saloon
Badges
Playlists
Quests
Create
Leaderboards
Showdown
Live 5
Trivia Bingo
Activity
Puzzle Library
Sporcle Events
Private Events
Virtual Trivia
Globe League
Become a Host
Pub Owners
SporcleCon
Opinionation
Our Games
Videos
Blog
Mobile Apps
Partnerships
Remove Ads and Go Orange
Feedback
Sports
Athletes
MLB
NBA
NHL
NFL
Soccer
Sports Teams
WWE
NCAA
Football
Premier League
Basketball
Baseball
Hockey
Golf
Tennis
Cricket
Rugby
Auto Racing
Olympics
World Cup
Sports
Athletes
MLB
NBA
NHL
NFL
Soccer
Sports Teams
WWE
NCAA
Football
Premier League
Basketball
Baseball
Hockey
Golf
Tennis
Cricket
Rugby
Auto Racing
Olympics
World Cup
Random Quiz
Search Sporcle
×
Quiz Lab
Quiz Lab
Sports
Hockey
Type answers that correspond to images
Type answers that correspond to images
Picture Box
Best Score? Go Orange.
NHL Players in their Canadian Major Junior uniforms II Stats
Can you name these current NHL players in their Canadian Major Junior uniforms?
By
sporcling4life
10m
20 Questions
154 Plays
154 Plays
154 Plays
Comments
Comments
Give Quiz Kudos
Give Quiz Kudos
-
- Ratings
hide this ad
Replay
Link that replays current quiz
Next Quiz
Link to next quiz in quiz playlist
You Got
0%
They Got
Avg Score
55%
Avg Friend Score
Upgrade to see
Score Distribution
Jump to the score distribution portion of the page
Score
0/20
Timer
10:00
0
Plays Today
Hint
Answer
% Correct
Sidney Crosby
94.2%
Alex DeBrincat
77.9%
Jonathan Huberdeau
77.9%
Matthew Tkachuk
74.7%
Evander Kane
74%
Marc-André Fleury
72.7%
Carter Hart
64.9%
Pierre-Luc Dubois
59.1%
Mathew Barzal
57.8%
Bo Horvat
53.9%
Hint
Answer
% Correct
Nikolaj Ehlers
51.9%
Sam Reinhart
50%
Alex Galchenyuk
48.7%
Brendan Gallagher
47.4%
Tyler Seguin
44.8%
Anthony Cirelli
40.9%
Leon Draisaitl
35.1%
Tyler Bertuzzi
32.5%
Adam Henrique
30.5%
Shea Theodore
13%
Quiz Playlist
Details
Report
Send in Message
Add To Playlist
Picture Box:
Type answers that correspond to images
Last Updated: May 15, 2020
Quiz Scoreboard
CHALLENGE
Sign Up to Join the Scoreboard
Show All
Scores
Hide
Comments
May contain spoilers
Recently Published
Movies - When Are They Set?
by FPL_Elf
Movies
5m
Popular People in 1961
by mucciniale
History
6m
1-10 Letter E Words III
by El_Dandy
Language
2m
More to Explore
Quiz From the Vault
Featured Blog Post
Where Did the Easter Bunny Come From?
hide this ad
You Might Also Like...
Tags
Hockey Quiz
NHL Quiz
chl
Junior Hockey
NHL Player
ohl
OHL Hockey
QMJHL
WHL
Today's Top Quizzes in Sports
Browse Sports
hide this ad
Today's Top Quizzes in Hockey
Browse Hockey
Top Contributed Quizzes in Sports
1
Les meilleurs buteurs des matchs entre le PSG et l’OM
2
FIFA Club World Cup Champions
3
Les entraîneurs de l'OM et du PSG au 21e siècle
4
2022 World Cup Stars
5
Name the Premier League winners with different clubs
6
La finale Lions - Afrique du Sud 2021
7
Criteria MLB: Left Handed Sluggers
8
Les joueurs passés par le LOSC et le RC Lens
9
Players with Multiple 50 Home Run Seasons
10
MLB Players with Two .350 Batting Average Seasons
Explore More
Trending Topics
Kpop
Anime
Marvel
Disney
Harry Potter
NBA
Crossword
Pokémon
The Office
WWE
Soccer
NFL
Country
Puzzle
Song
hide this ad
More By:
sporcling4life
Quiz
Plays
Rating
Category
Featured
Created
NHL Players in their College Hockey uniforms I
295
5.00
Sports
May 15, 2020
NHL Players in their Canadian Major Junior uniforms I
211
5.00
Sports
May 14, 2020
NHL Players in their Canadian Major Junior uniforms II
154
5.00
Sports
May 14, 2020
NHL Players in their Canadian Major Junior uniforms IV
133
5.00
Sports
May 14, 2020
NHL Players in their Canadian Major Junior uniforms III
123
Sports
May 14, 2020
Go to Creator's Profile
Score Distribution
Quiz Creator Spotlight
sporcling4life
Follow
Send a Message
Quizzes Created
-
Created Quiz Play Count
-
More By This Creator
Popular Quizzes Today
1
Find the US States - No Outlines Minefield
2
Find the Countries of Europe - No Outlines Minefield
3
The Countries of the World
4
Popular People in 1961
5
1-10 Letter E Words III
6
US States
7
Find the US States
8
One Thing in Common: World Cities II
More Sports Quizzes
Winningest Winners
Published
Trending Quizzes
Risky Map Clicking: Least Populous States A-Z
1-10 Letter F Words
Humor Books: The Subtitles
1-10 Letter G Words
One Thing in Common: United Kingdom
Recently Updated
Leaping Animals
pecheneg
Reality TV Shows (A-Z)
bhenderson79
Rickey Henderson's Hall of Fame Teammates
pecheneg
Champions League XIs: Arsenal
pecheneg
Quick Pick: Celebrities in WWE's Hall of Fame
aduchscher
A-Z Keypad Blitz II
pecheneg
Multiple Oscar Actors
pecheneg
Mystery Phrase Blitz: Oscar 'Best Actors'
pecheneg
F. Scott Fitzgerald Novels
LTH
Pick 3 Villains
ddd62291
Trending Topics
Kpop
Crossword
Harry Potter
Marvel
Anime
Disney
NBA
Pokémon
Country
Soccer
Puzzle
WWE
Song
NFL
The Office
Your Account Isn't Verified!
In order to create a playlist on Sporcle, you need to verify the email address you used during registration. Go to your
Sporcle Settings
to finish the process.
Report this User
Report this user for behavior that violates our
Community Guidelines
.
Details:
Send Report
Go to the Sporcle.com Mobile Site →
Comments